[Event "San Francisco TNM Winter op"]
[Site "San Francisco"]
[Date "2017.02.14"]
[Round "7"]
[White "Abraham, Michael David"]
[Black "Andries, Craig"]
[Result "0-1"]
[WhiteElo "1602"]
[BlackElo "1878"]
[PlyCount "74"]
[EventDate "2017.01.03"]
[EventType "swiss"]
[EventRounds "8"]
[EventCountry "USA"]
[SourceTitle "EXT 2018"]
[Source "ChessBase"]
[SourceDate "2017.10.13"]
[SourceVersion "1"]
[SourceVersionDate "2017.10.13"]
[SourceQuality "1"]

1. d4 Nf6 2. c4 g6 3. Nc3 Bg7 4. e4 d6 5. f3 e5 6. d5 0-0 7. Be3 Ne8 8. g4 Bh6 9. Qd2 Qh4+ 10. Kd1 Bxe3 11. Qxe3 Nf6 12. Nge2 Bxg4 13. Kc2 Bd7 14. Ng3 Na6 15. Rc1 Nc5 16. Be2 a5 17. Rcf1 Qf4 18. Qg1 Bh3 19. Rf2 c6 20. Bd1 cxd5 21. cxd5 Rfc8 22. Nge2 Qe3 23. Kb1 b5 24. Nc1 b4 25. N3e2 Nd3 26. Nxd3 Qxd3+ 27. Ka1 a4 28. Qg5 Kg7 29. Nc1 Qd4 30. Rc2 Rxc2 31. Bxc2 a3 32. Nd3 b3 33. Bb1 bxa2 34. Bc2 Rb8 35. Qc1 Bg2 36. Re1 Bxf3 37. Kxa2 Bxe4 0-1

[Event "San Francisco TNM Fall op"]
[Site "San Francisco"]
[Date "2016.11.29"]
[Round "7"]
[White "Andries, Craig"]
[Black "Manvelyan, Hovik"]
[Result "1/2-1/2"]
[WhiteElo "1877"]
[BlackElo "2007"]
[PlyCount "72"]
[EventDate "2016.10.18"]
[EventType "swiss"]
[EventRounds "9"]
[EventCountry "USA"]
[SourceTitle "EXT 2018"]
[Source "ChessBase"]
[SourceDate "2017.10.13"]
[SourceVersion "1"]
[SourceVersionDate "2017.10.13"]
[SourceQuality "1"]

1. e4 e6 2. d3 c5 3. g3 Nc6 4. Bg2 d6 5. Nf3 Nge7 6. Nbd2 g6 7. a4 Bg7 8. 0-0 0-0 9. c3 Qc7 10. Nh4 Bd7 11. f4 a6 12. Nc4 b5 13. Ne3 f5 14. axb5 axb5 15. Rxa8 Rxa8 16. exf5 Nxf5 17. Nhxf5 gxf5 18. g4 fxg4 19. Qxg4 Rf8 20. Qd1 Ne7 21. Qg4 Rf6 22. Bd2 Bc6 23. Be1 Rg6 24. Qh3 Nf5 25. Rf2 Nxe3 26. Qxe3 Qb7 27. Qe2 Bh6 28. Bd2 Kg7 29. Kf1 Bxg2+ 30. Rxg2 Qxg2+ 31. Qxg2 Rxg2 32. Kxg2 Kf6 33. Kf3 Kf5 34. Be3 c4 35. d4 d5 36. h3 Bf8 1/2-1/2

[Event "San Francisco Benson Memorial"]
[Site "San Francisco"]
[Date "2016.08.02"]
[Round "1"]
[White "Andries, Craig"]
[Black "Nassif, Wassim J"]
[Result "1-0"]
[WhiteElo "1877"]
[BlackElo "1177"]
[PlyCount "89"]
[EventDate "2016.08.02"]
[EventType "swiss"]
[EventRounds "9"]
[EventCountry "USA"]
[SourceTitle "EXT 2018"]
[Source "ChessBase"]
[SourceDate "2017.10.13"]
[SourceVersion "1"]
[SourceVersionDate "2017.10.13"]
[SourceQuality "1"]

1. e4 e5 2. Nf3 Nc6 3. d3 Nf6 4. Nbd2 Bc5 5. h3 0-0 6. g3 d6 7. Bg2 a6 8. 0-0 b5 9. c3 Bb6 10. Kh2 Be6 11. Ng5 Qd7 12. Nxe6 Qxe6 13. f4 Rab8 14. f5 Qd7 15. g4 h6 16. Nf3 Nh7 17. Qe2 f6 18. Nh4 Rf7 19. Ng6 Nf8 20. Nh4 Ne7 21. Qc2 c6 22. a4 d5 23. axb5 axb5 24. Nf3 Qd6 25. Kh1 c5 26. h4 d4 27. g5 g6 28. gxf6 Rxf6 29. Bxh6 gxf5 30. Bg5 Rg6 31. cxd4 cxd4 32. Qb3+ Qe6 33. Qxe6+ Rxe6 34. Bh3 Nc6 35. Bxf5 Ree8 36. Rg1 Kf7 37. Bd2 Ne7 38. Ng5+ Kf6 39. Raf1 Nxf5 40. Rxf5+ Ke7 41. Rxe5+ Kd8 42. Rxb5 Ng6 43. Nf7+ Ke7 44. Rxg6 Kxf7 45. Rgxb6 1-0

[Event "San Francisco TNM Summer op"]
[Site "San Francisco"]
[Date "2016.07.05"]
[Round "7"]
[White "Andries, Craig"]
[Black "Bayaraa, Chinguun"]
[Result "0-1"]
[WhiteElo "1862"]
[BlackElo "1949"]
[PlyCount "80"]
[EventDate "2016.05.24"]
[EventType "swiss"]
[EventRounds "8"]
[EventCountry "USA"]
[SourceTitle "EXT 2018"]
[Source "ChessBase"]
[SourceDate "2017.10.13"]
[SourceVersion "1"]
[SourceVersionDate "2017.10.13"]
[SourceQuality "1"]

1. Nf3 d5 2. d3 c5 3. g3 Nf6 4. Bg2 g6 5. 0-0 Bg7 6. c3 0-0 7. Nbd2 Nc6 8. Nb3 b6 9. d4 c4 10. Nbd2 b5 11. Re1 Bb7 12. e4 dxe4 13. Nxe4 Nxe4 14. Rxe4 Nb4 15. Re2 Nd3 16. Be3 Qc7 17. Ne1 Bxg2 18. Kxg2 Nxe1+ 19. Qxe1 Qb7+ 20. f3 Rfe8 21. Rd1 Rad8 22. Kf2 a5 23. a3 Qd7 24. d5 Qh3 25. Kg1 Qf5 26. Kg2 Rxd5 27. Rxd5 Qxd5 28. Rd2 Qc6 29. Qd1 h5 30. Rd5 e5 31. Rc5 Qb7 32. Rd5 e4 33. f4 b4 34. axb4 axb4 35. Rd7 Qb5 36. Rd5 Qb8 37. Rd7 bxc3 38. bxc3 Qb2+ 39. Kh3 Qxc3 40. Qd5 Qf6 0-1

[Event "San Francisco TNM Spring op"]
[Site "San Francisco"]
[Date "2016.05.03"]
[Round "8"]
[White "Harmon, Frederick G"]
[Black "Andries, Craig"]
[Result "0-1"]
[WhiteElo "1812"]
[BlackElo "1862"]
[PlyCount "62"]
[EventDate "2016.03.15"]
[EventType "swiss"]
[EventRounds "8"]
[EventCountry "USA"]
[SourceTitle "EXT 2018"]
[Source "ChessBase"]
[SourceDate "2017.10.13"]
[SourceVersion "1"]
[SourceVersionDate "2017.10.13"]
[SourceQuality "1"]

1. e4 g6 2. d4 Bg7 3. Nf3 d6 4. h3 a6 5. c3 Nc6 6. Bd3 e5 7. Be3 Nf6 8. 0-0 0-0 9. d5 Ne7 10. Qc1 Bd7 11. Bh6 c6 12. Bxg7 Kxg7 13. c4 cxd5 14. cxd5 Rc8 15. Qe3 Nh5 16. Re1 Nf4 17. Bf1 h6 18. Nc3 b5 19. a3 Qc7 20. Rac1 Qb7 21. Na2 f5 22. Nc3 a5 23. g3 Nh5 24. Qd2 b4 25. axb4 axb4 26. Na2 fxe4 27. Nh2 Rxc1 28. Rxc1 Qb6 29. Kg2 Nxd5 30. Bc4 e3 31. fxe3 Nxe3+ 0-1

[Event "San Francisco TNM Fall op"]
[Site "San Francisco"]
[Date "2015.12.15"]
[Round "9"]
[White "Dupree, Charles"]
[Black "Andries, Craig"]
[Result "0-1"]
[WhiteElo "1649"]
[BlackElo "1901"]
[PlyCount "100"]
[EventDate "2015.10.20"]
[EventType "swiss"]
[EventRounds "9"]
[EventCountry "USA"]
[SourceTitle "EXT 2023"]
[Source "ChessBase"]
[SourceDate "2022.10.05"]
[SourceVersion "1"]
[SourceVersionDate "2022.10.05"]
[SourceQuality "1"]

1. e4 g6 2. d4 Bg7 3. Be3 c6 4. c4 d6 5. Nc3 Nf6 6. Bd3 0-0 7. f3 Nbd7 8. Qd2 e5 9. d5 cxd5 10. cxd5 a6 11. g4 b5 12. Rc1 Bb7 13. Bh6 b4 14. Nce2 Nxe4 15. Bxe4 Qh4+ 16. Kd1 Bxh6 17. Qxb4 Bc8 18. Rc4 Nc5 19. Ng3 Bd7 20. Qb6 Qg5 21. Nf1 Bb5 22. h4 Qd8 23. Qxd8 Rfxd8 24. b3 Bxc4 25. bxc4 Nxe4 26. fxe4 Rab8 27. Kc2 Rdc8 28. Kd3 Rb1 29. Ne2 Rd1+ 30. Kc2 Re1 31. Kd3 Rb8 32. g5 Bf8 33. Neg3 Rb2 34. a4 Be7 35. Kc3 Rbb1 36. Rh2 Bd8 37. Nd2 Ba5+ 38. Kc2 Rbc1+ 39. Kb2 Bc3+ 40. Kb3 Bd4 41. Ne2 Ra1 42. Nxd4 exd4 43. Rf2 Kf8 44. Rf3 Re3+ 45. Kb4 Ra2 46. Rxe3 dxe3 47. Nf3 Ke7 48. e5 Rf2 49. Nd4 e2 50. Nc6+ Ke8 0-1

[Event "San Francisco TNM Fall op"]
[Site "San Francisco"]
[Date "2015.12.08"]
[Round "8"]
[White "Andries, Craig"]
[Black "Bertot, German"]
[Result "1-0"]
[WhiteElo "1901"]
[BlackElo "1681"]
[PlyCount "58"]
[EventDate "2015.10.20"]
[EventType "swiss"]
[EventRounds "9"]
[EventCountry "USA"]
[SourceTitle "EXT 2023"]
[Source "ChessBase"]
[SourceDate "2022.10.05"]
[SourceVersion "1"]
[SourceVersionDate "2022.10.05"]
[SourceQuality "1"]

1. d4 d5 2. f4 Nf6 3. Nf3 Nbd7 4. e3 e6 5. Bd3 c5 6. c3 Be7 7. Nbd2 b6 8. 0-0 Bb7 9. Ne5 0-0 10. Rf3 Ne4 11. Rh3 Ndf6 12. g4 g6 13. Qf3 Kg7 14. g5 Nxd2 15. gxf6+ Bxf6 16. Bxd2 c4 17. Bf1 b5 18. a4 Qe8 19. Be1 Bd8 20. Qg3 bxa4 21. Qg2 Rb8 22. Qc2 f6 23. Nf3 Bc6 24. Nd2 e5 25. Bf2 Bd7 26. Rg3 exf4 27. exf4 Bc7 28. Re3 Qf7 29. Rae1 Rbe8 1-0

[Event "San Francisco TNM Summer op"]
[Site "San Francisco"]
[Date "2015.06.23"]
[Round "5"]
[White "Andries, Craig"]
[Black "Melville, Cailen"]
[Result "1-0"]
[WhiteElo "1913"]
[BlackElo "1783"]
[PlyCount "69"]
[EventDate "2015.05.26"]
[EventType "swiss"]
[EventRounds "8"]
[EventCountry "USA"]
[SourceTitle "EXT 2016"]
[Source "ChessBase"]
[SourceDate "2015.10.08"]
[SourceVersion "1"]
[SourceVersionDate "2015.10.08"]
[SourceQuality "1"]

1. d4 e6 2. Nd2 c5 3. e3 Nf6 4. c3 b6 5. f4 Bd6 6. Ngf3 0-0 7. Bd3 Bc7 8. 0-0 Ba6 9. Bxa6 Nxa6 10. Qe2 Qc8 11. Ne5 cxd4 12. exd4 Bb8 13. g4 d6 14. g5 Nd5 15. Ng4 Ne7 16. Qg2 Nc7 17. Nf3 Qb7 18. h4 Rc8 19. Bd2 Kf8 20. h5 Ne8 21. Rae1 Ng8 22. Re2 a5 23. Qh3 a4 24. a3 Ra5 25. Nh4 Qd7 26. Ne3 Qb5 27. Rfe1 Qxb2 28. d5 Qxa3 29. dxe6 f5 30. c4 Qc5 31. Bxa5 bxa5 32. Rf1 Ne7 33. Nhxf5 Ba7 34. Nxe7 Kxe7 35. Kh2 1-0

[Event "San Francisco TNM Winter op"]
[Site "San Francisco"]
[Date "2015.01.13"]
[Round "2"]
[White "Winslow, Elliott C"]
[Black "Andries, Craig"]
[Result "1-0"]
[WhiteElo "2283"]
[BlackElo "1935"]
[PlyCount "85"]
[EventDate "2015.01.06"]
[EventType "swiss"]
[EventRounds "8"]
[EventCountry "USA"]
[SourceTitle "EXT 2016"]
[Source "ChessBase"]
[SourceDate "2015.10.08"]
[SourceVersion "1"]
[SourceVersionDate "2015.10.08"]
[SourceQuality "1"]

1. e4 d6 2. d4 Nf6 3. Nc3 g6 4. f4 Bg7 5. Nf3 0-0 6. e5 dxe5 7. dxe5 Qxd1+ 8. Kxd1 Ng4 9. Ke1 f6 10. Bc4+ Kh8 11. h3 Nh6 12. exf6 exf6 13. g4 Nc6 14. Kf2 Nb4 15. Bb3 Re8 16. a3 Na6 17. Bd2 Bd7 18. Rae1 c6 19. Bc4 b5 20. Ba2 Bf8 21. Ne4 Be7 22. Bc3 Kg7 23. g5 Ng8 24. Bxg8 Kxg8 25. gxf6 Bc5+ 26. Kg3 Be6 27. f7+ Bxf7 28. Nf6+ Kf8 29. Nxh7+ Kg8 30. Nf6+ Kf8 31. Nxe8 Bxe8 32. Ne5 b4 33. axb4 Nxb4 34. Bxb4 Bxb4 35. Re4 Be7 36. Rd1 Rb8 37. b3 a5 38. Nd7+ Bxd7 39. Rxd7 Re8 40. Kg4 Kf7 41. f5 gxf5+ 42. Kxf5 Kf8 43. Rexe7 1-0